[Event "Hotel Stockholm North by First hotels young talents -GM tournament"]
[Site "Johanneslundsvaegen 12, 194 61 Upplands Vaesby, Sweden"]
[Date "2025.02.19"]
[Round "6"]
[Board "2"]
[White "Miezis, Normunds"]
[Black "Seo, Jung Min"]
[Result "1-0"]
[WhiteElo "2397"]
[BlackElo "2495"]
[PlyCount "0"]
[EventDate "2025.02.17"]
[EventRounds "9"]
[EventCountry "SWE"]

1. c4 e6 2. e4 c5 3. Nf3 Nc6 4. Nc3 Nd4 5. g3 Ne7 6. Bg2 Nec6 7. d3 Be7 8. O-O O-O
9. Rb1 a6 10. a3 Rb8 11. Bf4 d6 12. Be3 Bf6 13. Bd2 b5 14. b3 Bd7 15. Nxd4 cxd4 16.
Na2 Qb6 17. f4 a5 18. cxb5 Qxb5 19. Qe2 Qc5 20. b4 Qc2 21. Ra1 Qa4 22. Rfb1 Na7 23.
bxa5 Rxb1+ 24. Rxb1 Nb5 25. Bb4 Nxa3 26. Rc1 Rb8 27. Qb2 Qxa5 28. Qxa3 Qxa3 29. Bxa3
Ra8 30. Bxd6 Rxa2 31. Rc7 Ra1+ 32. Bf1  1-0

[Event "Hotel Stockholm North by First hotels young talents -GM tournament"]
[Site "Johanneslundsvaegen 12, 194 61 Upplands Vaesby, Sweden"]
[Date "2025.02.19"]
[Round "6"]
[Board "3"]
[White "Bilovil, Bogdan"]
[Black "Sivuk, Vitaly"]
[Result "1/2-1/2"]
[WhiteElo "2465"]
[BlackElo "2510"]
[PlyCount "0"]
[EventDate "2025.02.17"]
[EventRounds "9"]
[EventCountry "SWE"]

1. d4 Nf6 2. c4 e6 3. Nf3 d5 4. Nc3 Bb4 5. Bg5 h6 6. Bxf6 Qxf6 7. e3 O-O 8. Rc1 dxc4
9. Bxc4 c5 10. O-O cxd4 11. Nxd4 Bd7 12. Qb3 Nc6 13. Nxc6 Bxc3 14. Rxc3 Bxc6 15.
Bb5 Bd5 16. Bc4 Bc6 17. Bb5 Bd5 18. Bc4 Bc6 19. Bb5 Bd5 20. Bc4 Bc6  1/2-1/2

[Event "Hotel Stockholm North by First hotels young talents -GM tournament"]
[Site "Johanneslundsvaegen 12, 194 61 Upplands Vaesby, Sweden"]
[Date "2025.02.19"]
[Round "6"]
[Board "4"]
[White "Kazakouski, Valery"]
[Black "Martinovici, Ilia"]
[Result "1-0"]
[WhiteElo "2538"]
[BlackElo "2477"]
[PlyCount "0"]
[EventDate "2025.02.17"]
[EventRounds "9"]
[EventCountry "SWE"]

1. e4 e6 2. d4 d5 3. e5 b6 4. c3 Qd7 5. h4 c5 6. h5 h6 7. Rh3 Ne7 8. Na3 Ba6 9. Bxa6
Nxa6 10. Qe2 Nc7 11. f4 cxd4 12. cxd4 Nf5 13. Nc2 Nb5 14. Nf3 Rc8 15. g4 Rxc2 16.
Qxc2 Nfxd4 17. Nxd4 Nxd4 18. Qd3 Bc5 19. Bd2 a5 20. Kf1 O-O 21. Kg2 f5 22. exf6 Rxf6
23. Rg3 Nc6 24. Rf1 e5 25. g5 hxg5 26. Rxg5 Kh8 27. fxe5 Nxe5 28. Qe2 Rxf1 29. Qxf1
Nc4 30. h6 Nxd2 31. hxg7+ Qxg7 32. Qh1+ Kg8 33. Qh6  1-0

[Event "Hotel Stockholm North by First hotels young talents -GM tournament"]
[Site "Johanneslundsvaegen 12, 194 61 Upplands Vaesby, Sweden"]
[Date "2025.02.19"]
[Round "6"]
[Board "5"]
[White "Trost, Edvin"]
[Black "Rohith, Krishna S"]
[Result "0-1"]
[WhiteElo "2462"]
[BlackElo "2481"]
[PlyCount "0"]
[EventDate "2025.02.17"]
[EventRounds "9"]
[EventCountry "SWE"]

1. Nf3 d5 2. g3 g6 3. Bg2 Bg7 4. d4 Nf6 5. O-O O-O 6. c4 c6 7. Nc3 dxc4 8. e4 b5
9. Qe2 a5 10. Rd1 Ba6 11. e5 Nd5 12. e6 f6 13. h4 b4 14. Ne4 Bb5 15. h5 c3 16. Qc2
a4 17. bxc3 f5 18. Neg5 bxc3 19. Nf7 Qc8 20. hxg6 hxg6 21. Re1 Na6 22. Nh4 Nab4 23.
Qd1 Rxf7 24. exf7+ Kxf7 25. Ba3 Bf6 26. Bxb4 Nxb4 27. Re3 Qd8 28. Nf3 Nd5 29. Ne5+
Kg7 30. Re1 Qd6 31. Qf3 Qb4 32. Bf1 Bxf1 33. Rxf1 Qxd4 34. Nxc6 Qc4 35. Nb4 Nxb4
36. Qxa8 c2 37. Qd8 Nxa2 38. Rxa2 Qxa2 39. Rc1 Qb1 40. Qd2 Bb2  0-1

[Event "Hotel Stockholm North by First hotels young talents -GM tournament"]
[Site "Johanneslundsvaegen 12, 194 61 Upplands Vaesby, Sweden"]
[Date "2025.02.20"]
[Round "7"]
[Board "1"]
[White "Rohith, Krishna S"]
[Black "Kanyamarala, Tarun"]
[Result "1-0"]
[WhiteElo "2481"]
[BlackElo "2396"]
[PlyCount "0"]
[EventDate "2025.02.17"]
[EventRounds "9"]
[EventCountry "SWE"]

1. d4 Nf6 2. c4 e6 3. Nf3 d5 4. Nc3 c6 5. e3 Nbd7 6. Qc2 Bd6 7. Bd3 O-O 8. O-O dxc4
9. Bxc4 a6 10. e4 e5 11. h3 b5 12. Bd3 exd4 13. Nxd4 Ne5 14. Be2 c5 15. Nf3 Bb7 16.
Rd1 Qc7 17. Be3 Nxf3+ 18. Bxf3 Bh2+ 19. Kh1 Bf4 20. Nd5 Bxd5 21. exd5 Rac8 22. Bxf4
Qxf4 23. a4 Rfd8 24. axb5 axb5 25. Ra6 c4 26. Qc3 Ne8 27. g3 Qb8 28. Qb4 Qe5 29.
Kg2 Nd6 30. Re1 Qf6 31. Re3 h6 32. Rea3 Qe5 33. Rb6 Rc7 34. Re3 Qf6 35. Rc6 Ra7 36.
Qc5 Ra2 37. Re2 Ra1 38. Qb6 Raa8 39. Bg4 Rab8 40. Qc7 Rb7 41. Qa5 Rbb8 42. Qb4 Rb7
43. Re3 Re7 44. Ra3 Re5 45. Bf3 Rf5 46. Qc5 Qe5 47. Qb6 Qe7 48. Re3 Qf8 49. Qc5 Rf6
50. Ra3 Qe8 51. Re3 Qf8 52. Qb6 Rb8 53. Qc7 Rc8 54. Qa5 Ra8 55. Qe1 Rd8 56. Re5 Rb8
57. Bg4 Rd8 58. h4 Rb8 59. Re7 b4 60. Rd7 c3 61. bxc3 b3 62. Bd1 Re8 63. Qf1 b2 64.
Bc2 Rb8 65. Qd3 g6 66. Qd4 Qg7 67. Rcxd6 Rxd6 68. Qxg7+ Kxg7 69. Rxd6 b1=Q 70. Bxb1
Rxb1 71. c4 Rc1 72. Rc6 Rc3 73. Kf1  1-0

[Event "Hotel Stockholm North by First hotels young talents -GM tournament"]
[Site "Johanneslundsvaegen 12, 194 61 Upplands Vaesby, Sweden"]
[Date "2025.02.20"]
[Round "7"]
[Board "2"]
[White "Martinovici, Ilia"]
[Black "Trost, Edvin"]
[Result "1-0"]
[WhiteElo "2477"]
[BlackElo "2462"]
[PlyCount "0"]
[EventDate "2025.02.17"]
[EventRounds "9"]
[EventCountry "SWE"]

1. d4 Nf6 2. c4 e6 3. Nf3 d5 4. Nc3 Bb4 5. cxd5 exd5 6. Bg5 h6 7. Bxf6 Qxf6 8. Qa4+
Nc6 9. e3 O-O 10. Rc1 a6 11. a3 Bxc3+ 12. Rxc3 Na7 13. Bd3 c6 14. O-O Bf5 15. Bxf5
Qxf5 16. Qc2 Qe6 17. a4 Nc8 18. Ne5 Nd6 19. Nd3 Rfe8 20. Nc5 Qe7 21. Re1 g6 22. f3
Rad8 23. a5 Qc7 24. b4 Re7 25. Qf2 Rde8 26. Rc2 Nf5 27. e4 Ng7 28. Rd1 dxe4 29. fxe4
Ne6 30. d5 Nxc5 31. d6 Qd7 32. bxc5 Rxe4 33. h3 R4e5 34. Qf4 Qf5 35. Qxf5 Rxf5 36.
Rb1 Rb8 37. Re1 Kg7 38. Re7 h5 39. Rf2 Rxc5 40. Rfxf7+ Kg8 41. Rg7+ Kh8 42. d7 Rd5
43. Rxg6 Rd1+ 44. Kh2 Rd8 45. Re8+ Kh7 46. Rxd8  1-0

[Event "Hotel Stockholm North by First hotels young talents -GM tournament"]
[Site "Johanneslundsvaegen 12, 194 61 Upplands Vaesby, Sweden"]
[Date "2025.02.20"]
[Round "7"]
[Board "3"]
[White "Sivuk, Vitaly"]
[Black "Kazakouski, Valery"]
[Result "1/2-1/2"]
[WhiteElo "2510"]
[BlackElo "2538"]
[PlyCount "0"]
[EventDate "2025.02.17"]
[EventRounds "9"]
[EventCountry "SWE"]

1. d4 d5 2. c4 c6 3. cxd5 cxd5 4. Nc3 Nf6 5. Nf3 Nc6 6. Bf4 Bf5 7. e3 e6 8. Bd3 Bxd3
9. Qxd3 Bd6 10. Bxd6 Qxd6 11. O-O O-O 12. Rac1 Rac8 13. a3 a6 14. Rc2 Rc7 15. Rfc1
Rfc8 16. Ne2 Ne7 17. Rxc7 Rxc7 18. Rxc7 Qxc7 19. Qc3 Qxc3 20. Nxc3 Nc6  1/2-1/2

[Event "Hotel Stockholm North by First hotels young talents -GM tournament"]
[Site "Johanneslundsvaegen 12, 194 61 Upplands Vaesby, Sweden"]
[Date "2025.02.20"]
[Round "7"]
[Board "4"]
[White "Seo, Jung Min"]
[Black "Bilovil, Bogdan"]
[Result "0-1"]
[WhiteElo "2495"]
[BlackElo "2465"]
[PlyCount "0"]
[EventDate "2025.02.17"]
[EventRounds "9"]
[EventCountry "SWE"]

1. d4 Nf6 2. c4 e6 3. Nf3 c5 4. d5 d6 5. Nc3 exd5 6. cxd5 g6 7. Bf4 Bg7 8. e3 O-O
9. h3 Ne8 10. Be2 Nd7 11. O-O Qe7 12. Re1 f5 13. Bf1 Ne5 14. e4 fxe4 15. Rxe4 Nxf3+
16. Qxf3 Qd8 17. Qe2 Bf5 18. Re3 Bxh3 19. Rxh3 Rxf4 20. Qe6+ Rf7 21. Rxh7 Qf6 22.
Qxf6 Rxf6 23. Rh4 g5 24. Rg4 Rf5 25. Bd3 Re5 26. Ne4 Nf6 27. Nxf6+ Bxf6 28. Rb1 Kf8
29. Bc4 a6 30. a4 Rb8 31. b4 Rbe8 32. bxc5 Re1+ 33. Rxe1 Rxe1+ 34. Kh2 dxc5 35. d6
Ra1 36. Bd5 b5 37. Bb7 c4 38. Re4 Rd1 39. Bxa6 c3 40. Re2 Rd2 41. Re1 c2 42. d7 Rxd7
 0-1

[Event "Hotel Stockholm North by First hotels young talents -GM tournament"]
[Site "Johanneslundsvaegen 12, 194 61 Upplands Vaesby, Sweden"]
[Date "2025.02.20"]
[Round "7"]
[Board "5"]
[White "Peng, Li Min"]
[Black "Miezis, Normunds"]
[Result "1/2-1/2"]
[WhiteElo "2512"]
[BlackElo "2397"]
[PlyCount "0"]
[EventDate "2025.02.17"]
[EventRounds "9"]
[EventCountry "SWE"]

1. e4 c5 2. Nc3 e6 3. g3 Nc6 4. Bg2 g6 5. d3 Bg7 6. Be3 d6 7. Qd2 e5 8. f4 Nd4 9.
Nd5 Ne7 10. Nxe7 Qxe7 11. c3 Nc6 12. Ne2 O-O 13. O-O f5 14. Rae1 Be6 15. exf5 gxf5
16. c4 Rac8 17. Nc3 Nd4 18. Nd5 Qd7 19. b4 b6 20. b5 Kh8 21. a4  1/2-1/2

[Event "Hotel Stockholm North by First hotels young talents -GM tournament"]
[Site "Johanneslundsvaegen 12, 194 61 Upplands Vaesby, Sweden"]
[Date "2025.02.20"]
[Round "8"]
[Board "1"]
[White "Kanyamarala, Tarun"]
[Black "Miezis, Normunds"]
[Result "1-0"]
[WhiteElo "2396"]
[BlackElo "2397"]
[PlyCount "0"]
[EventDate "2025.02.17"]
[EventRounds "9"]
[EventCountry "SWE"]

1. d4 Nf6 2. c4 e6 3. Nc3 Bb4 4. e3 c5 5. Bd3 O-O 6. Nge2 cxd4 7. exd4 d5 8. cxd5
exd5 9. O-O Nc6 10. Bg5 Be7 11. h3 h6 12. Be3 Bd6 13. Ng3 Bc7 14. Qf3 Bb6 15. Nge2
Re8 16. Rad1 Bc7 17. Ng3 a6 18. Rfe1 Be6 19. Nf5 Bxf5 20. Bxf5 b5 21. Rc1 Qd6 22.
g3 Bb6 23. Red1 Rad8 24. Bb1 Re6 25. Bf5 Ree8 26. Kg2 Ne7 27. Bf4 Qc6 28. Na4 Qb7
29. Nxb6 Nxf5 30. Bc7 Nd6 31. a4 Nfe4 32. Bxd8 Rxd8 33. a5 Nc4 34. Re1 Rd6 35. Nxd5
Rxd5 36. Qxe4 Nd2 37. Rc8+ Qxc8 38. Qxd5  1-0

[Event "Hotel Stockholm North by First hotels young talents -GM tournament"]
[Site "Johanneslundsvaegen 12, 194 61 Upplands Vaesby, Sweden"]
[Date "2025.02.20"]
[Round "8"]
[Board "2"]
[White "Bilovil, Bogdan"]
[Black "Peng, Li Min"]
[Result "1/2-1/2"]
[WhiteElo "2465"]
[BlackElo "2512"]
[PlyCount "0"]
[EventDate "2025.02.17"]
[EventRounds "9"]
[EventCountry "SWE"]

1. d4 d5 2. c4 dxc4 3. Nf3 Nf6 4. e3 e6 5. Bxc4 a6 6. O-O c5 7. b3 b6 8. Bb2 Bb7
9. Nbd2 Nbd7 10. Be2 Be7 11. Nc4 O-O 12. Nfe5 b5 13. Nxd7 Nxd7 14. Nd2 cxd4 15. Bxd4
Bf6 16. Bxf6 Nxf6 17. Bf3 Qb6 18. Bxb7 Qxb7 19. Qf3 Qb6 20. Ne4 Nxe4 21. Qxe4 Rac8
22. Rac1 Rc7 23. h4 Rfc8 24. Rxc7 Qxc7 25. Rd1 h6 26. a4 bxa4 27. bxa4  1/2-1/2

[Event "Hotel Stockholm North by First hotels young talents -GM tournament"]
[Site "Johanneslundsvaegen 12, 194 61 Upplands Vaesby, Sweden"]
[Date "2025.02.20"]
[Round "8"]
[Board "3"]
[White "Kazakouski, Valery"]
[Black "Seo, Jung Min"]
[Result "1/2-1/2"]
[WhiteElo "2538"]
[BlackElo "2495"]
[PlyCount "0"]
[EventDate "2025.02.17"]
[EventRounds "9"]
[EventCountry "SWE"]

1. d4 Nf6 2. c4 e6 3. Nc3 Bb4 4. e3 O-O 5. Bd3 d5 6. a3 dxc4 7. Bxc4 Be7 8. Nf3 c5
9. O-O a6 10. dxc5 Qxd1 11. Rxd1 Bxc5 12. b4 Be7 13. e4 b5 14. Bd3 Bb7 15. Bf4 Nbd7
16. Rac1 Rac8 17. Be2 Nb6 18. Be3 Nc4 19. Bxc4 Rxc4 20. Ne5 Rcc8 21. f3 Rfd8 22.
Ne2 Rxd1+ 23. Rxd1 Kf8 24. g4 h6 25. h4 Rd8 26. Rc1 Nd7 27. Nxd7+ Rxd7 28. Bc5 f5
29. Nf4 Kf7 30. gxf5 exf5 31. Bxe7 Rxe7 32. exf5 Bxf3 33. Kf2 Bg4 34. Rc5 h5 35.
Nd5 Re4 36. Ne3 Rf4+ 37. Kg2 Rf3 38. Re5 Rf4 39. Kg3 Rf3+ 40. Kg2 Rf4 41. Kg3 Rf3+
42. Kg2 Rf4  1/2-1/2

[Event "Hotel Stockholm North by First hotels young talents -GM tournament"]
[Site "Johanneslundsvaegen 12, 194 61 Upplands Vaesby, Sweden"]
[Date "2025.02.20"]
[Round "8"]
[Board "4"]
[White "Trost, Edvin"]
[Black "Sivuk, Vitaly"]
[Result "1/2-1/2"]
[WhiteElo "2462"]
[BlackElo "2510"]
[PlyCount "0"]
[EventDate "2025.02.17"]
[EventRounds "9"]
[EventCountry "SWE"]

1. d4 Nf6 2. c4 e6 3. g3 d5 4. Bg2 Bb4+ 5. Bd2 Be7 6. Nf3 O-O 7. O-O c6 8. Qc2 Nbd7
9. Bf4 Nh5 10. Bc1 Nhf6 11. Bf4 Nh5 12. Bc1 Nhf6 13. Bf4 Nh5  1/2-1/2

[Event "Hotel Stockholm North by First hotels young talents -GM tournament"]
[Site "Johanneslundsvaegen 12, 194 61 Upplands Vaesby, Sweden"]
[Date "2025.02.20"]
[Round "8"]
[Board "5"]
[White "Rohith, Krishna S"]
[Black "Martinovici, Ilia"]
[Result "1/2-1/2"]
[WhiteElo "2481"]
[BlackElo "2477"]
[PlyCount "0"]
[EventDate "2025.02.17"]
[EventRounds "9"]
[EventCountry "SWE"]

1. d4 d5 2. c4 e6 3. Nc3 Nf6 4. Nf3 a6 5. cxd5 exd5 6. Bg5 Be6 7. e3 Nbd7 8. Bd3
Bd6 9. Qc2 c6 10. Bf4 Qc7 11. Bxd6 Qxd6 12. h3 O-O 13. O-O Rfe8 14. Rac1 h6 15. Rfe1
Rac8 16. Qb1 Qe7  1/2-1/2

[Event "Hotel Stockholm North by First hotels young talents -GM tournament"]
[Site "Johanneslundsvaegen 12, 194 61 Upplands Vaesby, Sweden"]
[Date "2025.02.21"]
[Round "9"]
[Board "1"]
[White "Martinovici, Ilia"]
[Black "Kanyamarala, Tarun"]
[Result "1-0"]
[WhiteElo "2477"]
[BlackElo "2396"]
[PlyCount "0"]
[EventDate "2025.02.17"]
[EventRounds "9"]
[EventCountry "SWE"]

1. d4 Nf6 2. c4 e6 3. Nc3 Bb4 4. Qc2 c5 5. dxc5 Nc6 6. Nf3 Bxc5 7. Bf4 O-O 8. e3
d5 9. Rd1 Qa5 10. Be2 dxc4 11. Bxc4 a6 12. O-O Nb4 13. Qa4 Qxa4 14. Nxa4 b5 15. Nxc5
bxc4 16. a3 Nbd5 17. Be5 a5 18. Rd4 Nb6 19. Rfd1 Nfd7 20. Nxd7 Bxd7 21. Rxd7 Nxd7
22. Rxd7 Rfd8 23. Rxd8+ Rxd8 24. Kf1 a4 25. Ke2 f6 26. Bc3 Kf7 27. Nd2 Rc8 28. Ne4
Rc7 29. Bb4 e5 30. Nc5 Ra7 31. Kd2 Ke7 32. Nxa4+ Kd7 33. Nb6+ Kc6 34. Nxc4 Rd7+ 35.
Kc2 Kb5 36. b3 Rc7 37. Kc3 Rd7 38. a4+ Kc6 39. Bd6  1-0

[Event "Hotel Stockholm North by First hotels young talents -GM tournament"]
[Site "Johanneslundsvaegen 12, 194 61 Upplands Vaesby, Sweden"]
[Date "2025.02.21"]
[Round "9"]
[Board "2"]
[White "Sivuk, Vitaly"]
[Black "Rohith, Krishna S"]
[Result "1/2-1/2"]
[WhiteElo "2510"]
[BlackElo "2481"]
[PlyCount "0"]
[EventDate "2025.02.17"]
[EventRounds "9"]
[EventCountry "SWE"]

1. d4 Nf6 2. c4 e6 3. Nf3 d5 4. Nc3 Be7 5. Bg5 h6 6. Bh4 O-O 7. e3 b6 8. cxd5 Nxd5
9. Bxe7 Qxe7 10. Nxd5 exd5 11. Rc1 Be6 12. Qa4 c5 13. Qa3 Rc8 14. Be2 Kf8 15. dxc5
bxc5 16. O-O Nd7 17. Rfd1 a5 18. b3 a4 19. Qb2 axb3 20. axb3 Qf6  1/2-1/2

[Event "Hotel Stockholm North by First hotels young talents -GM tournament"]
[Site "Johanneslundsvaegen 12, 194 61 Upplands Vaesby, Sweden"]
[Date "2025.02.21"]
[Round "9"]
[Board "3"]
[White "Seo, Jung Min"]
[Black "Trost, Edvin"]
[Result "1-0"]
[WhiteElo "2495"]
[BlackElo "2462"]
[PlyCount "0"]
[EventDate "2025.02.17"]
[EventRounds "9"]
[EventCountry "SWE"]

1. e4 c5 2. Nf3 Nc6 3. d4 cxd4 4. Nxd4 Nf6 5. Nc3 d6 6. Bg5 e6 7. Qd2 a6 8. O-O-O
Bd7 9. Kb1 Nxd4 10. Qxd4 Be7 11. f4 Bc6 12. f5 exf5 13. exf5 O-O 14. Bd3 Re8 15.
Rhe1 Qd7 16. g4 Nd5 17. Bxe7 Nxc3+ 18. bxc3 Rxe7 19. f6 Rxe1 20. Rxe1 gxf6 21. Rf1
Qe7 22. Rxf6 Re8 23. Rxd6 Qg5 24. Qf2 Qe5 25. Qf6 Qxh2 26. Kb2 Qe5 27. Bxh7+ Kf8
28. Qh6+ Qg7 29. Qh4 Qe5 30. Rd4 Qb5+ 31. Rb4 Qe5 32. Qh6+ Ke7 33. Qh4+ Kf8 34. Bd3
Re6 35. Qd8+ Kg7 36. Qd4 Kf8 37. Rb6 Bg2 38. Rb4 Bc6 39. a3 Re7 40. Qf2 Qe3 41. Qh4
Qe5 42. g5 Re6 43. Bc4 Rg6 44. Qh7 Rg7 45. Qh8+ Ke7 46. g6 fxg6 47. Bd3 Qf6 48. Rd4
Qf8 49. Qh2 Qf6 50. Qc7+ Kf8 51. Qb8+ Ke7 52. Qd8+  1-0

[Event "Hotel Stockholm North by First hotels young talents -GM tournament"]
[Site "Johanneslundsvaegen 12, 194 61 Upplands Vaesby, Sweden"]
[Date "2025.02.21"]
[Round "9"]
[Board "4"]
[White "Peng, Li Min"]
[Black "Kazakouski, Valery"]
[Result "1/2-1/2"]
[WhiteElo "2512"]
[BlackElo "2538"]
[PlyCount "0"]
[EventDate "2025.02.17"]
[EventRounds "9"]
[EventCountry "SWE"]

1. e4 e5 2. Nf3 Nc6 3. Nc3 Nf6 4. d4 exd4 5. Nxd4 Bb4 6. Nxc6 bxc6 7. Bd3 d5 8. exd5
cxd5 9. O-O O-O 10. Bg5 c6 11. Qf3 h6 12. Bxf6 Qxf6 13. Qxf6 gxf6 14. Ne2 Bd6 15.
Ng3 Rb8 16. Rab1 Re8 17. h3 Be5 18. c3 Bxg3 19. fxg3 Re3 20. Rf3 Rxf3 21. gxf3 Kg7
22. Kf2 c5  1/2-1/2

[Event "Hotel Stockholm North by First hotels young talents -GM tournament"]
[Site "Johanneslundsvaegen 12, 194 61 Upplands Vaesby, Sweden"]
[Date "2025.02.21"]
[Round "9"]
[Board "5"]
[White "Miezis, Normunds"]
[Black "Bilovil, Bogdan"]
[Result "0-1"]
[WhiteElo "2397"]
[BlackElo "2465"]
[PlyCount "0"]
[EventDate "2025.02.17"]
[EventRounds "9"]
[EventCountry "SWE"]

1. c4 g6 2. Nc3 Bg7 3. g3 e5 4. Bg2 Nc6 5. e4 d6 6. d3 f5 7. Nge2 Nf6 8. O-O O-O
9. f3 f4 10. gxf4 Nh5 11. Nd5 Rf7 12. Rb1 Nd4 13. Nxd4 exd4 14. f5 gxf5 15. Nf4 Qh4
16. Nxh5 Qxh5 17. f4 Qxd1 18. Rxd1 c6 19. b4 fxe4 20. Bxe4 Bg4 21. Re1 Rd8 22. Bd2
d5 23. cxd5 cxd5 24. Bg2 Bf5 25. Bf1 Rc7 26. Rbc1 Rc3 27. Bxc3 dxc3 28. Re7 Bd4+
29. Kh1 Rc8 30. Bg2 Kf8 31. Ree1 c2 32. Bxd5 Bxd3 33. Be4 Bxe4+ 34. Rxe4 Bb2 35.
Ree1 Bxc1 36. Rxc1 Kf7 37. Kg2 Kf6 38. Kf3 Kf5 39. Ke3 b5 40. a3 h5 41. Kd2 h4 42.
Ke3 h3 43. Kf3 Rc3+ 44. Ke2 Kxf4 45. Kd2 Rf3 46. Kxc2 Rf2+ 47. Kb3 Rxh2 48. Rc7 Rf2
49. Rxa7 h2 50. Rh7 Kg3 51. a4 Rf3+ 52. Ka2 bxa4 53. b5 Kg2 54. Rg7 Rg3  0-1